Na rozlúčku s národnou umelkyňou Hanou Meličkovou

Bibliographic Details
Main Author: Mrlian, Rudolf, 1916-2010 (Author)
Format: Article
Language:Slovak
Subjects:

MARC

LEADER 00000nab a2200000 a 4500
001 vtls000311169
003 SK-MaSNL
005 20260302215645.0
008 111201c1978 xo 0 slo
015 |a SNBRB19rr/mm-uuuuu 
035 |a CL0001261 
040 |a SNKBUCL  |b slo  |c SNKBUCL  |e AACR2 
041 0 |a slo 
044 |a xo  |c SK 
080 |a 792  |2 1981 
080 |a 92 Meličková, Hana  |2 1981 
100 1 |a Mrlian, Rudolf,  |d 1916-2010  |4 aut  |9 200791 
245 1 0 |a Na rozlúčku s národnou umelkyňou Hanou Meličkovou  |c Rudolf Mrlian 
600 1 7 |a Meličková, Hana,  |d 1900-1978  |2 snkbucl  |9 102451 
655 7 |a články z novín a časopisov  |2 snkbucl  |9 267496 
773 0 |t Pravda  |g Roč. 59, č. 11 (13. 1. 1978), s. 5 
850 |a Slovenská národná knižnica v Martine  |a MTA001 
852 |a SNK  |b KIS3GCP 
958 |a RK 
992 |a RBX 
999 |c 1503413  |d 1505343